Avanti un altro - Cars - Statistics

Statistiche generali
  • Questo quiz è stato fatto 221 volte
  • Il punteggio medio è 5 su 10
Statistiche sulle risposte
Domanda Risposta % Corretto
Come si chiama la cittadina in cui è ambientato Cars - Motori ruggenti? Carburator Town
56%
Come si chiama il protagonista di Cars? Cars McQueen
56%
Quale animale viene citato in Cars 3? Il gambero
56%
Dove si corre la prima gara di Cars 2? Londra
55%
Dove si corre la gara finale di Cars 3? In California
52%
Chi tra questi non ha doppiato in Cars 2? J-Ax
52%
Qual è il nome anagrafico di McQueen? Ebenezer
51%
Chick Hicks e Cricchetto parlano mai insieme?
50%
Come si chiama il regista di Cars - Motori ruggenti? John Ranft
49%
Qual è il titolo svedese di Cars? Straff
46%
Nessun quiz corrispondente trovato
Distribuzione punteggi
Percentuale di utenti per punteggio
Percentile per numero di risposta
I tuoi punteggi nel tempo
Non hai fatto questo quiz